000 00557nam a22001817a 4500
003 0
005 20160609165218.0
008 091125t xxu||||| |||| 00| 0 eng d
037 _bDon
040 _aBiblio-EPAC
_bF
_cUAC
082 _a26.APE/DOS
100 _aAdjossi Fleur Eunice DOSSA
_92371
245 _aContirbution à l'amélioration de la qualité des inventaires des Gaz à Effet de Serre au Bénin: secteur de l'agriculture
260 _aBIBLIO-EPAC
_bUAC
_c2006-2007
300 _aII-81p
650 _aGENIE ENVIRONNEMENT
_92372
942 _cTHE
999 _c46590
_d46590